| 000 | 00635nam a22001817a 4500 | ||
|---|---|---|---|
| 005 | 20100504111852.0 | ||
| 008 | 100504t xxu||||| |||| 00| 0 eng d | ||
| 020 |
_a8172454163 _c140.00 |
||
| 020 |
_a9788172454166 _c140.00 |
||
| 037 | _bPUB/Goodwill | ||
| 040 | _aDPL | ||
| 100 | _aHanda, Parvesh | ||
| 245 |
_aA complete book on beauty, body, make-up and hairstyles / _cby Parvesh Handa |
||
| 260 |
_aNew Delhi _bGoodwill Publishing House _c201? |
||
| 300 |
_axii, 236p. : _c26 cm. (Pbk) _eillu. |
||
| 942 |
_2ddc _cEN _mHAN |
||
| 999 |
_c35634 _d35634 |
||